Negotiating health : children at home and primary school

Αποθηκεύτηκε σε:
Λεπτομέρειες βιβλιογραφικής εγγραφής
Κύριος συγγραφέας: Mayall, Berry
Μορφή: Βιβλίο
Γλώσσα:English
Δημοσίευση: London : Cassell, 1994
Θέματα:
Ετικέτες: Προσθήκη ετικέτας
Δεν υπάρχουν, Καταχωρήστε ετικέτα πρώτοι!

MARC

LEADER 00000nam a2200000 i 4500
001 1/95587
008 991208s1994 eng d
020 |a 0-304-32873-1 
035 |l 10055378 
040 |a GR-MY-UA  |b gre  |e aacr 
041 0 |a eng 
082 0 |a 371.710941 
100 1 |a Mayall, Berry. 
245 1 0 |a Negotiating health :  |b children at home and primary school /  |c Berry Mayall 
260 |a London :   |b Cassell,   |c 1994 
300 |a 184 p. 
650 0 0 |a School children  |x Health and hygiene  |z Great Britain. 
650 0 0 |a Health education  |z Great Britain. 
650 0 0 |a Home and school  |z Great Britain. 
650 0 0 |a Teacher-student relationships  |z Great Britain. 
650 0 0 |a Education, Primary  |z Great Britain. 
852 |a INST  |b RHODES  |e 19991208  |h 371.710941 MAY  |p 005400012578  |q 005400012578  |t BK  |y 0 
901 |a BIBL4-1999-3 
909 |a Ρ  |b 069207 
922 |a 4ΕΛΗ  |b 199909  |c ΚΠΣ/154  |d GLORY BOOKS 
970 |a ΚΟΥΛΑΚΙΟΤΗ  |b ΛΙΤΣΑ  |z 1999/12/08